How to start my business/ (Record no. 168120)

MARC details
000 -LEADER
fixed length control field 00543nam a22001697a 4500
005 - DATE AND TIME OF LATEST TRANSACTION
control field 20190926163900.0
010 ## - LCCN (DPL NO)
LC control number B-219165
020 ## - INTERNATIONAL STANDARD BOOK NUMBER
International Standard Book Number 8183820220
Terms of availability 95.00
037 ## - SOURCE OF ACQUISITION
Source of stock number/acquisition Lotus Press
082 ## - DEWEY DECIMAL CLASSIFICATION NUMBER
Classification number 650.1
245 ## - TITLE STATEMENT
Title How to start my business/
Statement of responsibility, etc Philip J. Samuel
260 ## - PUBLICATION, DISTRIBUTION, ETC. (IMPRINT)
Place of publication, distribution, etc New Delhi
Name of publisher, distributor, etc Lotus Press
Date of publication, distribution, etc 2006
270 ## - ADDRESS
Address 4263/3 Ansari road Darya Ganj New Delhi-110002
300 ## - PHYSICAL DESCRIPTION
Extent 104p.
Dimensions 22cm.
942 ## - ADDED ENTRY ELEMENTS (KOHA)
Source of classification or shelving scheme Dewey Decimal Classification
Item type English Books
Classification part 650.1
Call number suffix SAM

No items available.


© Delhi Public Library
Hit Counter
free hit counter